| 000 | 00718nam a2200217Ia 4500 | ||
|---|---|---|---|
| 003 | GCL | ||
| 008 | 140319s9999 xx 000 0 ara d | ||
| 040 |
_aGCL / _cGCL |
||
| 082 | 0 | 4 |
_a814.025 _bم ب |
| 100 | 1 | _aمصطفى الشكعة | |
| 245 | 1 | 0 |
_aبديع الزمان الهمذانى رائد القصة العربية والمقالة الصحفية / _cمصطفى الشكعة |
| 260 |
_a[S.N] : _bمكتبة الانجلوالمصرية ، _c1975 |
||
| 300 | _a469 ص | ||
| 490 | _a | ||
| 650 | 0 | 4 | _aالادب العربى |
| 650 | 0 | 4 | _aالرسائل العربية |
| 650 | 0 | 4 | _aالمقامات العربية |
| 650 | 0 | 4 | _aتاريخ ونقد |
| 650 | 0 | 4 | _aالمجموعات |
| 942 |
_2ddc _cBK |
||
| 999 |
_c32607 _d32607 |
||